000 01443nam0a2200313 i 4500
001 RU\NLR\BIBL_A\010451217
005 20260407082801.0
010 _a9785446902255
_9150
021 _aRU
_b2014-44024
_92674
035 _a(NILC)RuMoRGB-007510170
035 _a(NLR Aleph) 010451217
090 _a9929129
_c9929129
100 _a20140814d2014 u y0rusy50 ca
101 0 _arus
102 _aRU
105 _ay|||z|||010yy
200 1 _aКультурное наследие народов Кавказа
_e[сборник статей]
_fРоссийская акад. наук, Ин-т этнологии и антропологии им. Н. Н. Миклухо-Маклая
_gотв. ред. Ю. Д. Анчабадзе
210 _aМосква
_aСанкт-Петербург
_cНестор-История
_d2014
215 _a289, [2] с.
_cил., портр.
_d22
320 _aБиблиогр. в конце ст.
606 1 _aНароды Кавказа
_jСборники
_xКультура
_92625679
_3RU\NLR\AUTH\661562239
686 1 _aТ3(24)0-7я43
702 1 _aАнчабадзе
_bЮ.Д.
_gЮрий Дмитриевич
_4340
712 0 2 _4570
_aИнститут этнологии и антропологии им. Н. Н. Миклухо-Маклая
_cМосква
_3RU\NLR\AUTH\888945
_9290397
801 0 _aRU
_bРГБ
_c20140623
_gRCR
942 _cBOOK
980 _aNBR